Subcentrales de tracción / (Record no. 115534)

MARC details
000 -LEADER
campo de control de longitud fija 00638nam a2200205 i 4500
001 - NÚMERO DE CONTROL
campo de control 115534
003 - IDENTIFICADOR DE NÚMERO DE CONTROL
campo de control ES-MaACL
007 - CAMPO FIJO DE DESCRIPCIÓN FÍSICA--INFORMACIÓN GENERAL
campo de control de longitud fija t|
008 - DATOS DE LONGITUD FIJA--INFORMACIÓN GENERAL
campo de control de longitud fija 070314s1924 sp ||||1| spa d
080 ## - NÚMERO DE LA CLASIFICACIÓN DECIMAL UNIVERSAL
Número de la Clasificación Decimal Universal 621.311.1
100 1# - ENTRADA PRINCIPAL--NOMBRE DE PERSONA
Nombre de persona Sintes Olives, Francisco F.
9 (RLIN) 106653
245 10 - MENCIÓN DEL TÍTULO
Título Subcentrales de tracción /
Mención de responsabilidad, etc. por Francisco F. Sintes.
260 ## - PUBLICACIÓN, DISTRIBUCIÓN, ETC.
Lugar de publicación, distribución, etc. Madrid :
Nombre del editor, distribuidor, etc. Calpe,
Fecha de publicación, distribución, etc. [1924]
300 ## - DESCRIPCIÓN FÍSICA
Extensión 196 p. :
Otras características físicas il. ;
Dimensiones 17 cm.
490 1# - MENCIÓN DE SERIE
Mención de serie Biblioteca del electricista práctico ;
Designación de volumen o secuencia 40
650 14 - PUNTO DE ACCESO ADICIONAL DE MATERIA--TÉRMINO DE MATERIA
Término de materia o nombre geográfico como elemento de entrada Subestaciones eléctricas.
9 (RLIN) 17236
830 0# - PUNTO DE ACCESO ADICIONAL DE SERIE-TÍTULO UNIFORME
Título uniforme Biblioteca del electricista práctico ;
Designación de volumen o secuencia 40
9 (RLIN) 186267
852 ## - LOCALIZACIÓN
Ubicación ES-MaACL
Número de control de estantería B-3773
Holdings
Estatus retirado Estado de pérdida Estado de daño No para préstamo Biblioteca de origen Biblioteca actual Ubicación en estantería Fecha de adquisición Fuente de adquisición Total de préstamos Signatura topográfica completa Código de barras Visto por última vez Precio de reemplazo Tipo de ítem Koha
        Biblioteca del Ateneo de Madrid Biblioteca del Ateneo de Madrid Sala Pardo Bazán 17/01/2008     B-3773 1120466 23/02/2023 23/02/2023 Libro impreso